Twelve steps to a happy and successful life. (Record no. 12743)

000 -LEADER
fixed length control field 00567nam a2200181 a 4500
001 - CONTROL NUMBER
control field :::00010557$&:&@@
003 - CONTROL NUMBER IDENTIFIER
control field OkBaRHE
005 - DATE AND TIME OF LATEST TRANSACTION
control field 20000607103400.0
008 - FIXED-LENGTH DATA ELEMENTS--GENERAL INFORMATION
fixed length control field s1979 j 000 0 eng u
040 ## - CATALOGING SOURCE
Transcribing agency
100 1# - MAIN ENTRY--PERSONAL NAME
Personal name Peale, Norman Vincent.
245 10 - TITLE STATEMENT
Title Twelve steps to a happy and successful life.
260 ## - PUBLICATION, DISTRIBUTION, ETC. (IMPRINT)
Place of publication, distribution, etc Pawling, NY., :
Name of publisher, distributor, etc Foundation for Christian Living
Date of publication, distribution, etc c1979
300 ## - PHYSICAL DESCRIPTION
Extent 32 p. ;
Dimensions 15 cm.
650 ## - SUBJECT ADDED ENTRY--TOPICAL TERM
Topical term or geographic name as entry element Christian Life
942 ## - ADDED ENTRY ELEMENTS (KOHA)
Source of classification or shelving scheme
Koha item type Books
Copies
Date acquired Source of classification or shelving scheme Permanent Location Barcode Date last seen Damaged status Price effective from Lost status Full call number Copy number Withdrawn status Koha item type Not for loan Shelving location
2010-04-14 RHEMA Bible Training College105572010-04-14 2010-04-14 BV 4501 .P41 Books General Stacks